Quick Pick: Movie Monster Mashup Quiz Stats

 Plays Quiz Updated Oct 30, 2018

Score 0/15 Timer 01:00
6 Plays Today
% Correct
Child's Play
90.2%
Psycho
88.4%
A Nightmare on Elm Street
86.8%
It
86.3%
The Omen
83.2%
Friday the 13th Part III
83.2%
Halloween
82.3%
The Shining
82.1%
% Correct
Saw
81.6%
The Texas Chain Saw Massacre
77.7%
The Mummy
76.9%
Hellraiser
76%
The Fly
73.7%
Scream
72.2%
The Ring
68.7%

Today's Daily Dose

You're not logged in!

Compare scores with friends on all Sporcle quizzes.
OR
Log In

Show Comments

Extras

Top Quizzes Today


Score Distribution

Your Account Isn't Verified!

In order to create a playlist on Sporcle, you need to verify the email address you used during registration. Go to your Sporcle Settings to finish the process.

Report this User

Report this user for behavior that violates our Community Guidelines.

Details: